000 00363nam a22001697a 4500
003 UA-OsUOA
001 4642
007 ta
008 20050721b un ||||| |||| 00| 0 ukr d
100 _aDolan
700 _aEdwin G.
942 _cBK
040 _aUA-OsUOA
_cUA-OsUOA
_dUA-OsUOA
245 _aEconomics. Fourth Edition.
_bEconomics
955 _a2
650 7 _2UDC
999 _c290804
_d290804